[Event "Arvier Amatori op 5th"]
[Site "Arvier"]
[Date "2015.01.03"]
[Round "3"]
[White "Bagnod, Ruben"]
[Black "Piazza, Giacomo"]
[Result "1-0"]
[WhiteElo "1819"]
[BlackElo "1592"]
[PlyCount "93"]
[EventDate "2015.01.02"]
[EventType "swiss"]
[EventRounds "5"]
[EventCountry "ITA"]
[SourceTitle "EXT 2017"]
[Source "ChessBase"]
[SourceDate "2016.10.25"]
[SourceVersion "1"]
[SourceVersionDate "2016.10.25"]
[SourceQuality "1"]

1. e4 d6 2. Nf3 Nd7 3. d4 e6 4. Be2 Ne7 5. 0-0 g6 6. c4 c5 7. d5 exd5 8. cxd5 Bg7 9. Bf4 Bxb2 10. Nbd2 Bxa1 11. Qxa1 Ne5 12. Nxe5 dxe5 13. Qxe5 Rg8 14. d6 f6 15. Qxf6 Nc6 16. Qc3 Nd4 17. Qc4 Nxe2+ 18. Qxe2 Bd7 19. e5 Be6 20. Ne4 Rf8 21. Bg5 Qd7 22. Nxc5 Qf7 23. Be7 Bc4 24. Qe1 Bxf1 25. Qxf1 Qd5 26. Qb5+ Qc6 27. Qxc6+ bxc6 28. Bxf8 Kxf8 29. e6 Ke8 30. h4 Rb8 31. g4 Rb4 32. f3 Rb5 33. Ne4 Re5 34. Ng5 h6 35. f4 Ra5 36. Nf7 Rd5 37. d7+ Ke7 38. d8Q+ Rxd8 39. Nxd8 Kxd8 40. f5 Ke7 41. Kf2 g5 42. h5 Kd6 43. Ke3 Ke7 44. Kd4 Kd6 45. Kc4 a6 46. a4 c5 47. a5 1-0

[Event "Arvier Amatori op 4th"]
[Site "Arvier"]
[Date "2014.01.05"]
[Round "5"]
[White "Bagnod, Ruben"]
[Black "Piazza, Giacomo"]
[Result "0-1"]
[WhiteElo "1386"]
[BlackElo "1603"]
[PlyCount "84"]
[EventDate "2014.01.02"]
[EventType "swiss"]
[EventRounds "5"]
[EventCountry "ITA"]
[SourceTitle "EXT 2015"]
[Source "ChessBase"]
[SourceDate "2014.11.20"]
[SourceVersion "1"]
[SourceVersionDate "2014.11.20"]
[SourceQuality "1"]

1. g3 Nf6 2. Nf3 e6 3. Bg2 Nc6 4. d3 Be7 5. 0-0 0-0 6. e4 d6 7. Nc3 e5 8. a4 h6 9. Bxh6 gxh6 10. Qd2 Kh7 11. d4 Rb8 12. d5 Na5 13. Nb5 c6 14. Nxa7 Bg4 15. Nh4 Ra8 16. Bf3 Bxf3 17. Nf5 Ng8 18. Qe3 Bh5 19. g4 Bg5 20. Qf3 Bg6 21. b4 Nc4 22. Rad1 Nd2 23. Rxd2 Bxd2 24. h4 Bf4 25. Qh3 Rxa7 26. h5 Bxf5 27. exf5 Qg5 28. dxc6 bxc6 29. a5 Nf6 30. f3 Rg8 31. Kf2 e4 32. Rg1 d5 33. c3 Be3+ 34. Kf1 Bxg1 35. Kxg1 Nxh5 36. Kf2 e3+ 37. Ke2 Nf4+ 38. Kxe3 Nxh3+ 39. Kd4 Qf4+ 40. Kc5 Qc4+ 41. Kb6 Rga8 42. f6 Qb5# 0-1